Multiple Choice City Quiz – Manchester - Statistics

General Stats
  • This quiz has been taken 14,697 times
    14,651 since last reset
  • The average score is 7 of 10
Answer Stats
Question Answer % Correct
What is home stadium of Manchester United FC? Old Trafford
88%
Manchester has been called the birthplace of ... The Industrial Revolution
88%
Whose concert was bombed by an ISIS-affiliated terrorist in 2017? Ariana Grande
84%
Which of these bands is from Manchester? Oasis
78%
What was Emmeline Pankhurst known for? Fighting for women's right to vote
73%
What county was Manchester formerly a part of? Lancashire
66%
What soap opera takes place in the fictional suburb of Weatherfield? Coronation Street
61%
What industry was Manchester most known for in the 19th century? Textile mills
57%
What internet-famous newspaper was founded in Manchester in 1821? The Guardian
52%
What scientific advance was made by Ernest Rutherford at the University of Manchester in 1917? Splitting the atom
41%
No matching quizzes found
Score Distribution
Percent of People with Each Score
Percentile by Number Answered
Your Score History
You have not taken this quiz since the last reset